Теоретические и экспериментальные исследования влияния вибрации на поведение гироскопических устройств: заключительный отчет о НИР; тема : г/б

Détails bibliographiques
Collectivité auteur: Томский политехнический институт (ТПИ) (595)
Autres auteurs: Копытов В. И. Владимир Ильич (руководитель), Нестеренко Т. Г. Тамара Георгиевна (исполнитель)
Langue:russe
Publié: Томск, 1986
Sujets:
Format: Livre
KOHA link:https://koha.lib.tpu.ru/cgi-bin/koha/opac-detail.pl?biblionumber=155035

MARC

LEADER 00000nbm0a2200000 4500
001 155035
005 20231220125203.0
029 0 0 |a SU  |b 79035300  |f ТПУ 
035 |a (RuTPU)RU\TPU\book\168160 
090 |a 155035 
100 |a 20090310d1986 k y0rusy50 ca 
101 0 |a rus 
102 |a RU 
105 |a a p 001zy 
200 1 |a Теоретические и экспериментальные исследования влияния вибрации на поведение гироскопических устройств  |e заключительный отчет о НИР  |e тема : г/б  |f Томский политехнический институт (ТПИ) ; руководитель В. И. Копытов ; Т. Г. Нестеренко 
210 |a Томск  |d 1986 
215 |a 61 л. 
320 |a Библиогр.: с. 61. 
610 1 |a гироскопические приборы 
610 1 |a вибрация 
610 1 |a теоретические исследования 
610 1 |a экспериментальные исследования 
610 1 |a спектральная плотность 
610 1 |a дисперсия 
610 1 |a отчеты о НИР 
675 |a 62-752(04)  |v 3 
702 1 |a Копытов  |b В. И.  |c российский ученый  |c Заслуженный профессор ТПУ  |f 1929-  |g Владимир Ильич  |3 (RuTPU)RU\TPU\pers\19805  |4 673 
702 1 |a Нестеренко  |b Т. Г.  |c специалист в области машиностроения  |c доцент Томского политехнического университета, кандидат технических наук  |f 1946-  |g Тамара Георгиевна  |3 (RuTPU)RU\TPU\pers\26585  |4 677  |9 12268 
712 0 2 |a Томский политехнический институт (ТПИ)  |c (1944-1991)  |3 (RuTPU)RU\TPU\col\1123  |4 595 
801 1 |a RU  |b 63413507  |c 20090310  |g PSBO 
801 2 |a RU  |b 63413507  |c 20160623  |g RCR 
942 |c BK